Kluby La Liga Santarder 2018/19 - Statystyki

Ogólne statystyki
  • Ten quiz został rozwiązany 202 razy
  • Średni wynik to 13 z 20
Statystyki odpowiedzi
Klub % Poprawnych
1 FC Barcelona
100%
3 Real Madryt
95%
2 Atletico Madryt
89%
6 Valencia
87%
5 Sevilla
84%
7 Athletic Bilbao
74%
10 Real Sociedad
74%
12 Real Betis
73%
14 Villarreal
70%
4 Getafe
66%
16 Levante
57%
11 Espanyol
54%
15 Celta Vigo
52%
20 Huesca
50%
19 Rayo Vallecano
50%
8 Deportivo Alaves
45%
13 Eibar
43%
18 Real Valladolid
42%
9 Leganes
40%
17 Girona FC
24%
Nie znaleziono quizów pasujących do podanych kryteriów
Rozkład punktacji
Procent ludzi z każdym wynikiem
Percentyl według liczby udzielonych odpowiedzi
Twoja historia wyników
Nie rozwiązałeś tego quizu